Bytový dom

Salvato in:
Dettagli Bibliografici
Autore principale: Karaba, Richard (Autore)
Altri autori: Palková, Adela (Relatore della tesi)
Natura: Manoscritto Libro
Lingua:slovacco
Pubblicazione: 2021
Soggetti:
Accesso online:http://is.stuba.sk/zp/portal_zp.pl?podrobnosti=144232
https://opac.crzp.sk/?fn=detailBiblioForm&sid=DD8DDAB5DB598AB39C524C515716
Tags: Aggiungi Tag
Nessun Tag, puoi essere il primo ad aggiungerne!!

MARC

LEADER 00000ntm a22000003a 4500
001 stuzp85030
003 SK-STU
005 20230515073655.8
007 ta
008 150427s2015----xo-----f-mn---000-0-slo-d
040 |a STU  |b slo 
041 0 |a slo 
100 1 |a Karaba, Richard  |u 010180  |4 aut  |U SvF Stavebná fakulta  |T SvF Katedra konštrukcií pozemných stavieb  |X 93268  |U V180  |Y 18  |7 93268 
242 0 1 |a Residential building  |y eng 
245 1 0 |a Bytový dom 
260 |c 2021 
650 4 |a bytový dom  |2 slo 
650 4 |a projekt pre realizáciu  |2 slo 
650 4 |a technická správa  |2 slo 
650 4 |a novostavba  |2 slo 
650 4 |a apartment building  |2 eng 
650 4 |a project for realization  |2 eng 
650 4 |a technical report  |2 eng 
650 4 |a new building  |2 eng 
700 1 |a Palková, Adela  |u 010180  |k Z1  |4 ths  |U SvF Stavebná fakulta  |T SvF Katedra konštrukcií pozemných stavieb  |X 38081  |U V180  |Y 18  |7 A000038081 
856 4 |u http://is.stuba.sk/zp/portal_zp.pl?podrobnosti=144232 
856 4 |u https://opac.crzp.sk/?fn=detailBiblioForm&sid=DD8DDAB5DB598AB39C524C515716